1987 1919 1817 1308 1955 1031 1247 1564 1138 1245 1654 1230 1510 1148 1535 1265 1733 1985 1868 1213 1904 1366 1336 1802 1544 1755 1458 1963 1880 1526 1400 1937 1976 1683 1213 1666 1141 1267 1961 1953 1115 1703 1692 1543 1776 1987 1860 1308 1845 1678 1888 1174 1374 1506 1511 1841 1166 1200 1208 1430 1812 1159 1341 1505 1460 1243 1526 1376 1860 1236 1341 1997 1620 1366 1941 1812 1213 1422 1439 1740 1111 1246 1401 1538 1505 1631 1851 1354 1826 1297 1516 1517 1080 1283 1868 1419 1005 1616 1287 BCNSPRNW ULIB Ver.6.0+V

เปลี่ยนเป็นภาษาไทย

Change to English
 แสดงรายละเอียดบรรณานุกรม
  กลับหน้าหลัก

Brief Record : Get Marc (ISO 2709) : E-mail record : QR code < ปิดหน้าต่าง
LEADER : 00000nam 2200000uu 4500
001    13399110407
003     ULIB
008    110506s2009||||th 000 0 eng d
020    9780323052566
060 04 WY160^bP957 2009
245 00 Principles and practice of psychiatric nursing /^c[editedby] Gail Wiscarz Stuart
250    9th ed.
260    St. Louis. :^bMosby Elsevier,^c2009
300    xxv, 800 p. :^bcol. ill. ;^c29 cm.
504    Includes bibliographical references and index
650  0 Psychiatric nursing
650  2 Mental Disorders^xnursing
650  2 Psychiatric Nursing^xmethods
700 1  Stuart, Gail Wiscarz,^d1949- ,^eed.
945    ^p0^l0^i030083
995     Kesorn
999 ^a ใช้งานได้ทุกระบบ
รายการนี้ยังไม่มีแท็ก
คุณยังไม่ได้ล็อกอิน คุณสามารถมีกิจกรรมร่วมกับเว็บไซต์ได้ แต่ต้องล็อกอินก่อน ::
  ล็อกอิน

รายการสื่อสารสนเทศ

ลำดับที่ ประเภท เลขเรียก/บาร์โค้ด สถานที่ สถานะ
- ไม่พบข้อมูล -

รายการใกล้เคียง
    หัวเรื่อง [Psychiatric nursing]
    หัวเรื่อง [Mental Disorders nursing]

BibComment


ยังไม่เคยถูกคอมเมนท์

คอมเมนท์ทรัพยากรรายการนี้
  คอมเมนท์: Principles and pr..


 Copyright 2026. Bcnsprnw @Library